| 000 | 00665nam a22001937a 4500 | ||
|---|---|---|---|
| 005 | 20130913145852.0 | ||
| 010 | _aENG-108150 | ||
| 020 |
_a9788170580231 _c70.00 |
||
| 035 | _aEN-91683 | ||
| 037 | _bDBAD/PUB | ||
| 082 | _a181.499 | ||
| 245 |
_aSteps to freedom and mastery : _ccompiled by A.S. Das _bselection from the works of Sri Auorbindo and the Mother / |
||
| 260 |
_aPondicherry _bSri Aurobindo Ashram _c2012 |
||
| 270 |
_bPondicherry _e605002 _aSri Aurobindo Ashram Publication Department |
||
| 300 |
_axxviii,181p. _c20cm(pbk) |
||
| 500 | _aIncludes bibliographical references | ||
| 700 | _aDas, A.S. | ||
| 942 |
_2ddc _cEN _mSTE _h181.499 |
||
| 999 |
_c78075 _d78075 |
||